NFL Rushing Leaders: Kansas City Chiefs - Statistics

General Stats
  • This quiz has been taken 53 times
  • The average score is 4 of 10
Answer Stats
Rank Player Yards Years w/ Team % Correct
1 JamaalCharles 7260 2008-2016
96%
2 PriestHolmes 6070 2001-2007
87%
4 ChristianOkoye 4897 1987-1992
74%
3 LarryJohnson 6015 2003-2009
63%
7 Marcus Allen 3698 1993-1997
48%
8 MikeGarrett 3246 1966-1970
11%
6 AbnerHaynes 3814 1960-1964
2%
9 CurtisMcClinton 3124 1962-1969
2%
5 EdPodolak 4451 1969-1977
2%
10 HermanHeard 2694 1984-1989
2%
No matching quizzes found
Score Distribution
Percent of People with Each Score
Percentile by Number Answered
Your Score History
You have not taken this quiz